000 00558nam a22002057a 4500
001 8707
003 FISKH
005 20251013115218.0
008 251013b cb ||||| |||| 00| 0 eng d
040 _aFISKH
_beng
_cFISKH
_dFISKH
082 _a 371.26
100 _aAnonymous
245 _aTeaching resource book for kindergarten /
260 _aPhnom Penh :
_bFootprint,
300 _a161 pages :
_billustrations ;
_c30 cm
520 _aTeaching book resource for kindergarten teacher
650 _aGuiding book
942 _2ddc
_cBK
_n0
999 _c8707
_d8707